000 00598nam a2200193 i 4500
001 000026655
003 DO-SdBNP
005 20250130094414.0
007 ta
008 110324s1980 dr 000 0 spa d
040 _aDO-SdBNP
_bspa
_cBNPHU
049 _aBNPD
082 4 _222
_axxx
_bxxx
110 1 _aRepública Dominicana.
_bSecretaría de Estado de Educación, Bellas Artes y Cultos
_923965
245 1 0 _aPlan curricular de educación pre-escolar
264 _aSanto Domingo :
_bFondo de las Naciones Unidas para la Infancia,
_c1980.
300 _a135 páginas ;
_c20 cm.
942 _2ddc
_cLBS1
999 _c26147
_d26147